| 000 | 01391nam a2200325 a 4500 | ||
|---|---|---|---|
| 001 | ebr10496678 | ||
| 003 | CaPaEBR | ||
| 006 | m u | ||
| 007 | cr cn||||||||| | ||
| 008 | 100503s2010 caua s 001 0 eng d | ||
| 010 | _z 2010015790 | ||
| 020 | _z1593272030 (pbk.) | ||
| 020 | _z9781593272036 | ||
| 020 | _z9781593273002 (e-book) | ||
| 040 |
_aCaPaEBR _cCaPaEBR |
||
| 035 | _a(OCoLC)670429335 | ||
| 050 | 1 | 4 |
_aT57.85 _b.L83 2010eb |
| 082 | 0 | 4 |
_a658.4/032 _222 |
| 100 | 1 |
_aLucas, Michael, _d1967- |
|
| 245 | 1 | 0 |
_aNetwork flow analysis _h[electronic resource] / _cby Michael W. Lucas. |
| 260 |
_aSan Francisco : _bNo Starch Press, _cc2010. |
||
| 300 |
_axiii, 204 p. : _bill. |
||
| 500 | _aIncludes index. | ||
| 505 | 0 | _aFlow fundamentals -- Collectors and sensors -- Viewing flows -- Filtering flows -- Reporting and follow-up analysis -- Perl, Flowscan, and Cflow.pm -- FlowViewer -- Ad hoc flow visualization -- Edges and analysis. | |
| 533 |
_aElectronic reproduction. _bPalo Alto, Calif. : _cebrary, _d2011. _nAvailable via World Wide Web. _nAccess may be limited to ebrary affiliated libraries. |
||
| 650 | 0 |
_aNetwork analysis (Planning) _xData processing. |
|
| 655 | 7 |
_aElectronic books. _2local |
|
| 710 | 2 | _aebrary, Inc. | |
| 856 | 4 | 0 |
_uhttp://site.ebrary.com/lib/rucke/Doc?id=10496678 _zAn electronic book accessible through the World Wide Web; click to view |
| 999 |
_c128689 _d128689 |
||